Topical Drifts In Nano Science & Environmental Science: (Record no. 200600)

MARC details
000 -LEADER
fixed length control field 00626nam a22001937a 4500
005 - DATE AND TIME OF LATEST TRANSACTION
control field 20240209120644.0
010 ## - LCCN (DPL NO)
LC control number ENG-139149
020 ## - INTERNATIONAL STANDARD BOOK NUMBER
Terms of availability 250.00
International Standard Book Number 9789387871885
035 ## - SYSTEM CONTROL NUMBER
System control number EN-122681
037 ## - SOURCE OF ACQUISITION
Source of stock number/acquisition DBAD/PUB
082 ## - DEWEY DECIMAL CLASSIFICATION NUMBER
Classification number 620.5
Edition number
100 ## - MAIN ENTRY--PERSONAL NAME
Personal name Chitra .S
245 ## - TITLE STATEMENT
Title Topical Drifts In Nano Science & Environmental Science:
Statement of responsibility, etc S.Chitra/
260 ## - PUBLICATION, DISTRIBUTION, ETC. (IMPRINT)
Place of publication, distribution, etc Tamil Nadu
Name of publisher, distributor, etc Shanlax Publication
Date of publication, distribution, etc 2018
270 ## - ADDRESS
Address 61,66 T.P.K Main Road ,Vasantha Nagar, Madurai
City Tamil Nadu
Postal code 625003
Telephone number 04524208765
300 ## - PHYSICAL DESCRIPTION
Extent 148p.
Dimensions 29cm(pb)
700 ## - ADDED ENTRY--PERSONAL NAME
Personal name Meenakshi,S. Devi
9 (RLIN) 61814
942 ## - ADDED ENTRY ELEMENTS (KOHA)
Source of classification or shelving scheme Dewey Decimal Classification
Item type English Books
Classification part 620.5
Call number suffix CHI
Holdings
Withdrawn status Lost status Not for loan Collection code Home library Current library Date acquired Source of acquisition Cost, normal purchase price Full call number Barcode Copy number Cost, replacement price Koha item type
      Non-fiction Tri Nagar Tri Nagar 09/02/2024 DBAD/PUB 250.00 620.5 CHI EN-122681 1 250.00 English Books

© Delhi Public Library
Hit Counter
free hit counter